[Event "Kaupthing op"]
[Site "Differdange"]
[Date "2008.05.10"]
[Round "9"]
[White "Zienkiewicz, Alexandre"]
[Black "Brittner, Serge"]
[Result "0-1"]
[WhiteElo "2070"]
[BlackElo "2250"]
[PlyCount "74"]
[EventDate "2008.05.10"]
[EventType "swiss"]
[EventRounds "9"]
[EventCountry "LUX"]
[SourceTitle "CBM 124 Extra"]
[Source "ChessBase"]
[SourceDate "2008.07.03"]
[SourceVersion "1"]
[SourceVersionDate "2008.07.03"]
[SourceQuality "1"]

1. d4 e6 2. Nf3 Nf6 3. Bf4 c5 4. c3 b6 5. e3 Bb7 6. Nbd2 Be7 7. h3 d6 8. Bd3 Nbd7 9. 0-0 0-0 10. Bh2 Rc8 11. Qe2 Re8 12. Rad1 cxd4 13. exd4 Nf8 14. Ne1 Qd7 15. f4 Bd8 16. Nef3 Nd5 17. c4 Nb4 18. Bb1 f5 19. a3 Nc6 20. Qd3 Bf6 21. b4 g6 22. Ba2 Qg7 23. Nb3 Ne7 24. Rc1 Be4 25. Qe2 Nc6 26. d5 exd5 27. cxd5 Bxd5 28. Qb5 Ne7 29. Rcd1 Bc4 30. Nc1 Qf7 31. Bxc4 Qxc4 32. Qxc4+ Rxc4 33. Rxd6 Bb2 34. Nd3 Bxa3 35. Ra1 Bxb4 36. Nxb4 Rxb4 37. Rxa7 Nc8 0-1

[Event "Oberliga Sued W 0708"]
[Site "Germany"]
[Date "2008.03.09"]
[Round "7.4"]
[White "Schluchter, Steffen"]
[Black "Brittner, Serge"]
[Result "1/2-1/2"]
[WhiteElo "2144"]
[BlackElo "2294"]
[PlyCount "141"]
[EventDate "2007.10.21"]
[EventType "team-tourn"]
[EventRounds "9"]
[EventCountry "GER"]
[SourceTitle "EXT 2009"]
[Source "ChessBase"]
[SourceDate "2008.11.26"]
[SourceVersion "1"]
[SourceVersionDate "2008.11.26"]
[SourceQuality "1"]
[WhiteTeam "Mutterstadt"]
[BlackTeam "Kaiserslautern"]
[WhiteTeamCountry "GER"]
[BlackTeamCountry "GER"]

1. c4 Nf6 2. Nf3 b6 3. b3 Bb7 4. e3 e6 5. Bb2 Be7 6. Be2 d6 7. 0-0 0-0 8. Qc2 c5 9. d3 Nbd7 10. Nbd2 Rc8 11. Rac1 Rc7 12. Qb1 Qa8 13. Rfd1 Rd8 14. Bf1 Nf8 15. d4 Ng6 16. dxc5 dxc5 17. Ne1 Rcd7 18. Ndf3 Bd6 19. Bd3 Qb8 20. Qa1 Ne8 21. Bc2 Be7 22. Bxg6 hxg6 23. Ne5 Rxd1 24. Rxd1 Rxd1 25. Qxd1 Qd6 26. Qxd6 Nxd6 27. f3 g5 28. Kf2 f6 29. N5d3 Kf7 30. g4 Nc8 31. h3 Bd6 32. e4 Ne7 33. Nc2 Ng6 34. Ne3 Bc7 35. Bc3 Nf4 36. Nxf4 Bxf4 37. Ke2 Bd6 38. Nd1 a6 39. Ne3 Ke7 40. Kd3 Bc6 41. Bb2 Bg3 42. Bc3 Kd6 43. Nd1 b5 44. Nb2 b4 45. Bd2 Be5 46. Nd1 a5 47. Be3 a4 48. Bg1 a3 49. Ne3 g6 50. Bf2 f5 51. gxf5 gxf5 52. exf5 Bxf3 53. fxe6 Kxe6 54. Nc2 Bd6 55. Ne1 Bh5 56. Kd2 Bf4+ 57. Kc2 Bg6+ 58. Nd3 Bd6 59. Kd2 Bxd3 60. Kxd3 Kf5 61. Ke3 Be7 62. Kd3 Ke5 63. Ke3 Kf5 64. Bg1 Bf8 65. Bh2 Be7 66. Kf3 Bf6 67. Bd6 Bd4 68. Bf8 Bg1 69. Bg7 Bh2 70. Bf8 Bg1 71. Be7 1/2-1/2

[Event "EU-chT (Men) 16th"]
[Site "Heraklion"]
[Date "2007.10.31"]
[Round "4.3"]
[White "Grant, Jonathan"]
[Black "Brittner, Serge"]
[Result "1-0"]
[WhiteElo "2261"]
[BlackElo "2274"]
[PlyCount "140"]
[EventDate "2007.10.28"]
[EventType "team-swiss"]
[EventRounds "9"]
[EventCountry "GRE"]
[SourceTitle "CBM 121"]
[Source "ChessBase"]
[SourceDate "2007.11.14"]
[SourceVersion "1"]
[SourceVersionDate "2007.11.14"]
[SourceQuality "1"]
[WhiteTeam "Scotland"]
[BlackTeam "Luxembourg"]
[WhiteTeamCountry "SCO"]
[BlackTeamCountry "LUX"]

1. c4 Nf6 2. Nc3 c5 3. g3 e6 4. Nf3 b6 5. Bg2 Bb7 6. 0-0 Be7 7. Re1 Ne4 8. d4 Nxc3 9. bxc3 Be4 10. Bf1 d6 11. Nd2 Bb7 12. e4 0-0 13. Bd3 cxd4 14. cxd4 Nc6 15. Bb2 Rc8 16. f4 Bf6 17. Nf3 Na5 18. Rc1 Ba6 19. Qe2 d5 20. cxd5 Rxc1 21. Bxc1 Bxd3 22. Qxd3 exd5 23. Ba3 Re8 24. e5 Be7 25. Bxe7 Rxe7 26. Ng5 g6 27. f5 Nc4 28. f6 Re8 29. e6 Nd6 30. Qf3 h6 31. e7 Qd7 32. h4 hxg5 33. hxg5 Ne4 34. Qf4 Qh3 35. Qh4 Qxg3+ 36. Qxg3 Nxg3 37. Re5 Nf5 38. Kf2 a5 39. a4 Nxd4 40. Rxd5 Ne6 41. Ke1 Kh7 42. Kd2 Rc8 43. Kd1 Kg8 44. Kd2 Kh7 45. Ke3 Ra8 46. Ke4 b5 47. Rxb5 Nc7 48. Rc5 Ne8 49. Rd5 Ra6 50. Rd8 Re6+ 51. Kd4 Nc7 52. Rc8 Ne8 53. Kc5 Ra6 54. Rc6 Ra8 55. Kb6 Rb8+ 56. Kxa5 Rb7 57. Ka6 Rd7 58. Kb6 Rd4 59. a5 Rb4+ 60. Kc5 Rg4 61. a6 Rxg5+ 62. Kb6 Rg1 63. a7 Ra1 64. Kb7 Rxa7+ 65. Kxa7 g5 66. Kb7 g4 67. Kc8 g3 68. Rc3 Kg6 69. Kd8 g2 70. Rg3+ Kxf6 1-0

[Event "EU-chT (Men) 16th"]
[Site "Heraklion"]
[Date "2007.10.28"]
[Round "1.2"]
[White "Brittner, Serge"]
[Black "Banikas, Hristos"]
[Result "0-1"]
[WhiteElo "2274"]
[BlackElo "2591"]
[PlyCount "51"]
[EventDate "2007.10.28"]
[EventType "team-swiss"]
[EventRounds "9"]
[EventCountry "GRE"]
[SourceTitle "CBM 121"]
[Source "ChessBase"]
[SourceDate "2007.11.14"]
[SourceVersion "1"]
[SourceVersionDate "2007.11.14"]
[SourceQuality "1"]
[WhiteTeam "Luxembourg"]
[BlackTeam "Greece"]
[WhiteTeamCountry "LUX"]
[BlackTeamCountry "GRE"]

1. d4 Nf6 2. c4 e6 3. Nc3 Bb4 4. Qc2 Bxc3+ 5. Qxc3 b6 6. Bg5 Bb7 7. f3 d6 8. e4 c5 9. dxc5 bxc5 10. Bd3 Nc6 11. Be3 a5 12. Ne2 Ba6 13. 0-0 Qb6 14. Rab1 Ne5 15. b3 a4 16. b4 cxb4 17. Qd2 Qc7 18. Rxb4 d5 19. Bf4 Qa7+ 20. Be3 Qe7 21. Nc1 Bxc4 22. Bd4 Nc6 23. Bxf6 Qxf6 24. Bxc4 Nxb4 25. exd5 Nxd5 26. Bxd5 0-1

[Event "EU-Cup 23rd"]
[Site "Kemer"]
[Date "2007.10.07"]
[Round "5.1"]
[White "Brittner, Serge"]
[Black "Sadiku, Bedri"]
[Result "1/2-1/2"]
[WhiteElo "2274"]
[BlackElo "2289"]
[PlyCount "117"]
[EventDate "2007.10.03"]
[EventType "team-swiss"]
[EventRounds "7"]
[EventCountry "TUR"]
[SourceTitle "CBM 121"]
[Source "ChessBase"]
[SourceDate "2007.11.14"]
[SourceVersion "1"]
[SourceVersionDate "2007.11.14"]
[SourceQuality "1"]
[WhiteTeam "Echternach Sprenger"]
[BlackTeam "Pristina"]
[WhiteTeamCountry "LUX"]
[BlackTeamCountry "YUG"]

1. d4 Nf6 2. c4 e6 3. Nc3 Bb4 4. Qc2 0-0 5. a3 Bxc3+ 6. Qxc3 Ne4 7. Qc2 f5 8. Nh3 d6 9. f3 Nf6 10. e3 e5 11. dxe5 dxe5 12. Be2 Nc6 13. Nf2 f4 14. 0-0 fxe3 15. Bxe3 Nd4 16. Bxd4 Qxd4 17. Rad1 Qf4 18. Rfe1 Qg5 19. Qd2 Qf4 20. Bd3 Bd7 21. Be4 c6 22. Nd3 Qxd2 23. Rxd2 Rae8 24. Nxe5 Rxe5 25. Bxh7+ Kxh7 26. Rxe5 Rf7 27. g4 g6 28. Rd6 Kg7 29. Kg2 Nh7 30. Kg3 Bc8 31. h4 Rf6 32. Rxf6 Nxf6 33. Ra5 a6 34. h5 Be6 35. b3 Nd7 36. hxg6 Kxg6 37. Rh5 c5 38. f4 Kg7 39. f5 Bf7 40. Rh3 b5 41. cxb5 axb5 42. Kf4 Nb6 43. g5 c4 44. f6+ Kg8 45. bxc4 Nxc4 46. Rd3 Bg6 47. Rd8+ Kf7 48. Rd7+ Ke6 49. Re7+ Kd6 50. Rg7 Ne5 51. Rxg6 Nxg6+ 52. Kf5 Nh4+ 53. Kg4 Ng6 54. Kh5 Ne5 55. Kh6 Nf7+ 56. Kh5 Ke6 57. Kg6 Ne5+ 58. Kg7 Nd7 59. Kg8 1/2-1/2

[Event "EU-Cup 23rd"]
[Site "Kemer"]
[Date "2007.10.06"]
[Round "4.1"]
[White "Brittner, Serge"]
[Black "De Jong, Jan Willem"]
[Result "0-1"]
[WhiteElo "2274"]
[BlackElo "2445"]
[PlyCount "70"]
[EventDate "2007.10.03"]
[EventType "team-swiss"]
[EventRounds "7"]
[EventCountry "TUR"]
[SourceTitle "CBM 121"]
[Source "ChessBase"]
[SourceDate "2007.11.14"]
[SourceVersion "1"]
[SourceVersionDate "2007.11.14"]
[SourceQuality "1"]
[WhiteTeam "Echternach Sprenger"]
[BlackTeam "Calder HMC"]
[WhiteTeamCountry "LUX"]
[BlackTeamCountry "NED"]

1. d4 Nf6 2. c4 e6 3. Nc3 Bb4 4. Qc2 d5 5. a3 Bxc3+ 6. Qxc3 c5 7. dxc5 d4 8. Qc2 Nc6 9. b4 e5 10. e4 dxe3 11. Bxe3 a5 12. b5 Nd4 13. Qb2 0-0 14. 0-0-0 Qe7 15. Nf3 Bg4 16. h3 Bxf3 17. gxf3 Nf5 18. Bg5 Rfd8 19. Bd3 Nd4 20. f4 Qxc5 21. fxe5 Qxe5 22. Be3 Kf8 23. Rhe1 Rd7 24. Bxd4 Qxd4 25. Qxd4 Rxd4 26. Bf1 Rad8 27. Rxd4 Rxd4 28. Rd1 Rxd1+ 29. Kxd1 Ke7 30. Bg2 b6 31. c5 bxc5 32. b6 Kd8 33. b7 Kc7 34. Bc6 Nh5 35. Kc2 Nf4 0-1